| 000 | 00340cam a22001331 4500 | ||
|---|---|---|---|
| 040 | _cICU | ||
| 082 | 0 | 0 | _a575 BRO 1967 A106 Or. |
| 100 | 1 | _aVolpe, E. Peter | |
| 245 | 1 | 0 | _aUnderstanding evolution |
| 260 |
_aDubuque, Iowa, _bW.C. Brown Co. _c[1967] |
||
| 300 |
_axiii, 160 p. _billus. _c23 cm. |
||
| 650 | 0 | _aEvolution (Biology) | |
| 942 | _cEK | ||
| 999 |
_c17028 _d17028 |
||